| 000 | nam a22 a 4500 | ||
|---|---|---|---|
| 999 |
_c457071 _d457071 |
||
| 003 | BLK | ||
| 005 | 20220520120747.0 | ||
| 008 | 220520b bul|||||r ||||||| ||bul|| | ||
| 040 | _aBLK | ||
| 041 |
_aBUL _cBUL |
||
| 080 |
_aБългарска литература _b821.163.2 _x-31 _z821.163.2-31 |
||
| 100 | 1 |
_aКараславов, Георги _eпърви автор _9369377 |
|
| 139 |
_aКараславов, Георги _bК 36 |
||
| 245 | 1 | 0 |
_aСнаха _bРоман _cГеорги Караславов. |
| 250 | _a3. изд. | ||
| 257 | _aBGR | ||
| 260 |
_aСофия _bБълг. писател _c1965 |
||
| 300 |
_a214 с. _c20 см |
||
| 380 | _aX | ||
| 490 |
_aБиблиотека за ученика _9201322 |
||
| 500 | _a1. изд. 1942. | ||
| 852 |
_aЦб 34977 _bЦб |
||
| 856 | 4 | _qpdf | |
| 856 | 4 | _qpdf | |
| 942 |
_cKNG _n0 _01 _s1 |
||
| 944 |
_aCR _c2022-05-20 _kДГ |
||